Principes de droit commercial
Salvato in:
| Autori principali: | , , |
|---|---|
| Natura: | Libro |
| Lingua: | francese |
| Pubblicazione: |
París
Sirey
1934
|
| Soggetti: | |
| Tags: |
Aggiungi Tag
Nessun Tag, puoi essere il primo ad aggiungerne!!
|
MARC
| LEADER | 00000nam a2200000 a 4500 | ||
|---|---|---|---|
| 001 | UCS2074 | ||
| 003 | CL-VaPUC | ||
| 008 | 970516e19340000FR |||||||||||||||||fre|d | ||
| 082 | 0 | 4 | |a 346.07 |b ESC |2 21 |
| 100 | 0 | |a Escarra, Jean |e author |9 387099 | |
| 700 | 0 | |a Escarra, Edouard |e author |9 387100 | |
| 700 | 0 | |a Rault, Jean |e author |9 387101 | |
| 245 | 1 | 0 | |a Principes de droit commercial |
| 300 | |a v | ||
| 942 | |c BK | ||
| 945 | |d 19970516 00:00:00 |a paguirre | ||
| 260 | |a París |b Sirey |c 1934 | ||
| 650 | 0 | |a Derecho comercial |9 256340 | |
| 650 | 0 | |a Historia |9 255047 | |
| 650 | 0 | |a Comercio |9 255341 | |
| 650 | 0 | |a Comerciantes |9 267878 | |
| 650 | 0 | |a Propiedad |9 255268 | |
| 650 | 0 | |a Bancos |9 254963 | |
| 650 | 7 | |a OPERACIONES COMERCIALES |2 CL-VaPUC |9 337866 | |
| 650 | 0 | |a Operaciones bancarias |9 337857 | |
| 650 | 0 | |a Crédito |9 256211 | |
| 583 | |a last modification |c 19970516 00:00:00 |k Rodrigo Vera | ||
| 999 | |c 260071 |d 260069 | ||
| 952 | |0 0 |1 0 |4 0 |6 346_070000000000000_ESC_1934 |7 0 |8 X |9 285660 |a BIBDER |b BIBDER |d 2019-11-19 |h v.1 |i 1857053 |o 346.07 ESC 1934 |p 1857053 |r 2023-01-25 |w 2019-11-19 |y BK_X |k DER | ||
| 952 | |0 0 |1 0 |4 0 |6 346_070000000000000_ESC_1934 |7 0 |8 X |9 285661 |a BIBDER |b BIBDER |d 2019-11-19 |h v.6 |i 1857061 |o 346.07 ESC 1934 |p 1857061 |r 2023-01-25 |w 2019-11-19 |y BK_X |k DER | ||